000 01151nam0a22002771 4500
001 rc\3046079
005 20250806202145.0
035 _a(NLR Aleph) 007185837
090 _a45129
_c45129
100 _a20111017d1941 u y0rusy50 ca
101 0 _arus
102 _aRU
105 _aa z |||||
200 1 _aРабота по упорам на токарном станке
_eРабота выполнена по соревнованию ВНИТОМАШ в 1941 г.
_fГ.Н. Гизатулин токарь Уралмашзавода
210 _a[Свердловск]
_cУралмашзавод
_cУралнитомаш
_d1941
215 _a20 с.
_cчерт.
_d20 см
300 _aНа обороте тит. л.: В сост. бр. принимал большое участие инж.-технолог тов. Малышкин К.П.
700 1 _aГизатулин
_bГ.Н.
702 1 _aМалышкин
_bК.П.
_4570
801 0 _aRU
_bNLR
_gpsbo
801 1 _aRU
_bELAR
_2rusmarc
852 _aNLR
_jТ36 Г-4/527
942 _cBOOK
945 _aРоссийская национальная библиотека
980 _aNB
980 _aBV